[Event "SVK-chT2C 2324"]
[White "Balint, Vladimir"]
[Black "Topolovsky, Vincent"]
[Site "Slovakia"]
[Round "2.6"]
[Result "1/2-1/2"]
[Date "2023.10.08"]
[WhiteElo "1901"]
[BlackElo "1906"]
[PlyCount "41"]
[EventDate "2023.10.07"]
[EventType "team-tourn"]
[EventRounds "11"]
[EventCountry "SVK"]
[SourceTitle "EXT 2025"]
[Source "ChessBase"]
[SourceDate "2024.10.14"]
[SourceVersion "1"]
[SourceVersionDate "2024.10.14"]
[SourceQuality "1"]
[WhiteTeam "Martin Medea"]
[BlackTeam "Banska Bystrica PSK"]
[WhiteTeamCountry "SVK"]
[BlackTeamCountry "SVK"]

1. e4 c5 2. Nc3 Nc6 3. f4 g6 4. Nf3 Bg7 5. a4 a6 6. Bc4 e6 7. 0-0 Nge7 8. Qe1 Nd4 9. Nxd4 cxd4 10. Nd1 d5 11. Bd3 dxe4 12. Bxe4 Rb8 13. d3 Bd7 14. b3 Bc6 15. Nf2 0-0 16. Ba3 Re8 17. Bxc6 Nxc6 18. Ne4 Qd5 19. Qh4 Qd8 20. Qe1 Qd5 21. Qh4 1/2-1/2

[Event "SVK-chT2C 2223"]
[White "Sibrava, Patrik"]
[Black "Topolovsky, Vincent"]
[Site "Slovakia"]
[Round "10.7"]
[Result "1-0"]
[Date "2023.03.25"]
[WhiteElo "1848"]
[BlackElo "1898"]
[PlyCount "81"]
[EventDate "2022.10.08"]
[EventType "team-tourn"]
[EventRounds "11"]
[EventCountry "SVK"]
[SourceTitle "EXT 2024"]
[Source "ChessBase"]
[SourceDate "2023.10.10"]
[SourceVersion "1"]
[SourceVersionDate "2023.10.10"]
[SourceQuality "1"]
[WhiteTeam "Dunajov Martin III"]
[BlackTeam "Banska Bystrica Kurta"]
[WhiteTeamCountry "SVK"]
[BlackTeamCountry "SVK"]

1. e4 e6 2. d4 d5 3. Nc3 Bb4 4. exd5 exd5 5. Nf3 Bg4 6. a3 Bd6 7. h3 Bxf3 8. Qxf3 c6 9. Bd3 Qf6 10. Qe2+ Ne7 11. Be3 Nd7 12. 0-0-0 0-0-0 13. Kb1 Rhe8 14. Qd2 h6 15. Na4 b6 16. Ka2 Kb7 17. b4 a6 18. Rb1 Bc7 19. Rb3 Ka7 20. Rhb1 Nf5 21. Bxf5 Qxf5 22. Nc3 b5 23. Qd3 Qf6 24. a4 Nb6 25. axb5 axb5 26. Ra3+ Kb7 27. Kb3 Nc4 28. Ra2 Ra8 29. Rba1 Rxa2 30. Rxa2 Qe6 31. Nd1 f5 32. g3 g5 33. Bc1 f4 34. gxf4 gxf4 35. Qh7 Qe4 36. Ra7+ Kxa7 37. Qxc7+ Ka6 38. Qxc6+ Nb6 39. Nc3 Rc8 40. Qxb5+ Kb7 41. Nxe4 1-0

[Event "SVK-chT2C 2223"]
[White "Priechodsky, Radovan"]
[Black "Topolovsky, Vincent"]
[Site "Slovakia"]
[Round "1.6"]
[Result "1/2-1/2"]
[Date "2022.10.08"]
[WhiteElo "1937"]
[BlackElo "1898"]
[PlyCount "108"]
[EventDate "2022.10.08"]
[EventType "team-tourn"]
[EventRounds "11"]
[EventCountry "SVK"]
[SourceTitle "CBM 210 Extra"]
[Source "ChessBase"]
[SourceDate "2022.11.30"]
[SourceVersion "1"]
[SourceVersionDate "2022.11.30"]
[SourceQuality "1"]
[WhiteTeam "Liptov Chess School III"]
[BlackTeam "Banska Bystrica Kurta"]
[WhiteTeamCountry "SVK"]
[BlackTeamCountry "SVK"]

1. d4 d5 2. Bf4 Nf6 3. c3 e6 4. Nf3 Be7 5. Nbd2 c5 6. e3 Nc6 7. Ne5 cxd4 8. exd4 Nxe5 9. dxe5 Nd7 10. Nf3 Nc5 11. Bd3 b6 12. h4 h6 13. h5 Bb7 14. Nd4 Nxd3+ 15. Qxd3 a6 16. Be3 Qc8 17. 0-0 0-0 18. f4 Qc4 19. Qd2 Qc7 20. Rae1 Bh4 21. Bf2 Bxf2+ 22. Qxf2 Rae8 23. g4 Bc8 24. Qg3 f6 25. Rf2 fxe5 26. Rxe5 Rf6 27. g5 hxg5 28. Rxg5 Ref8 29. Rg2 R8f7 30. Ne2 Kf8 31. Rg6 Bb7 32. h6 Rxg6 33. Qxg6 gxh6 34. Qxh6+ Ke7 35. Nd4 Qxf4 36. Qxe6+ Kf8 37. Qe1 Qe4 38. Qxe4 dxe4 39. Rf2 Ke7 40. Nf5+ Kd7 41. Nd4 Rxf2 42. Kxf2 Kd6 43. Ke3 Ke5 44. a4 Kd5 45. b3 Ke5 46. c4 Kd6 47. b4 a5 48. bxa5 bxa5 49. Nb3 Bc6 50. Nxa5 Bxa4 51. Kxe4 Kc5 52. Ke3 Kb6 53. Nb3 Bxb3 54. c5+ Kxc5 1/2-1/2

[Event "SVK-chT2C 1718"]
[White "Marsina, Stefan"]
[Black "Topolovsky, Vincent"]
[Site "Slovakia"]
[Round "2.6"]
[Result "1-0"]
[Date "2017.10.29"]
[WhiteElo "1905"]
[BlackElo "1918"]
[PlyCount "69"]
[EventDate "2017.10.28"]
[EventType "team-tourn"]
[EventRounds "11"]
[EventCountry "SVK"]
[SourceTitle "CBM 181 Extra"]
[Source "ChessBase"]
[SourceDate "2017.12.12"]
[SourceVersion "1"]
[SourceVersionDate "2017.12.12"]
[SourceQuality "1"]
[WhiteTeam "Rajecke Teplice"]
[BlackTeam "Banska Bystrica Kurta"]
[WhiteTeamCountry "SVK"]
[BlackTeamCountry "SVK"]

1. c4 Nf6 2. Nf3 g6 3. Nc3 c5 4. e4 Nc6 5. d4 cxd4 6. Nxd4 d6 7. Be2 Bg7 8. Be3 0-0 9. 0-0 a6 10. f3 e6 11. Qd2 Qc7 12. Rac1 Ne5 13. Nb3 Rd8 14. Na4 Ned7 15. Rfd1 Ne8 16. Bg5 Bf6 17. Bxf6 Ndxf6 18. c5 d5 19. Nb6 Rb8 20. Qg5 dxe4 21. Rxd8 Qxd8 22. fxe4 Qc7 23. Qe3 Nd7 24. Nc4 Nef6 25. Nd6 e5 26. g4 Nf8 27. Rf1 Nxg4 28. Bxg4 Bxg4 29. Rxf7 Qxf7 30. Nxf7 Kxf7 31. Qg3 Be6 32. Qxe5 Rc8 33. Na5 Bd7 34. Qf4+ Ke8 35. Nxb7 1-0

[Event "SVK-chT2C 1718"]
[White "Topolovsky, Vincent"]
[Black "Staffen, Richard"]
[Site "Slovakia"]
[Round "1.6"]
[Result "0-1"]
[Date "2017.10.28"]
[WhiteElo "1918"]
[BlackElo "2052"]
[PlyCount "44"]
[EventDate "2017.10.28"]
[EventType "team-tourn"]
[EventRounds "11"]
[EventCountry "SVK"]
[SourceTitle "CBM 181 Extra"]
[Source "ChessBase"]
[SourceDate "2017.12.12"]
[SourceVersion "1"]
[SourceVersionDate "2017.12.12"]
[SourceQuality "1"]
[WhiteTeam "Banska Bystrica Kurta"]
[BlackTeam "Zilina Mladost II"]
[WhiteTeamCountry "SVK"]
[BlackTeamCountry "SVK"]

1. Nf3 Nf6 2. g3 g6 3. b3 Bg7 4. Bb2 0-0 5. Bg2 d5 6. c4 e6 7. 0-0 Nbd7 8. d3 c6 9. Nbd2 Rb8 10. Qc2 b5 11. Rfc1 bxc4 12. dxc4 Bb7 13. cxd5 cxd5 14. Qc7 Qxc7 15. Rxc7 Rfc8 16. Rac1 Rxc7 17. Rxc7 Ne8 18. Rc2 Bxb2 19. Rxb2 Rc8 20. Bf1 Nd6 21. e3 e5 22. Bb5 Nxb5 0-1

[Event "SVK-chT2C 1516"]
[White "Rolny, Jozef"]
[Black "Topolovsky, Vincent"]
[Site "Slovakia"]
[Round "10.8"]
[Result "0-1"]
[Date "2016.03.12"]
[WhiteElo "1655"]
[BlackElo "1937"]
[PlyCount "44"]
[EventDate "2015.10.17"]
[EventType "team-tourn"]
[EventRounds "11"]
[EventCountry "SVK"]
[SourceTitle "EXT 2017"]
[Source "ChessBase"]
[SourceDate "2016.10.25"]
[SourceVersion "1"]
[SourceVersionDate "2016.10.25"]
[SourceQuality "1"]
[WhiteTeam "Rajecke Teplice"]
[BlackTeam "Banska Bystrica Kurta"]
[WhiteTeamCountry "SVK"]
[BlackTeamCountry "SVK"]

1. d4 Nf6 2. c4 g6 3. Nc3 Bg7 4. e4 d6 5. f3 0-0 6. Be3 Nc6 7. Qd2 e5 8. Nge2 a6 9. g4 exd4 10. Nxd4 Ne5 11. Be2 Rb8 12. h4 c6 13. h5 Qc7 14. Bh6 b5 15. Bxg7 Kxg7 16. hxg6 fxg6 17. g5 Nh5 18. Rxh5 gxh5 19. f4 Nxc4 20. Bxc4 bxc4 21. f5 d5 22. Qe2 Qg3+ 0-1

[Event "SVK-chT2C 1415"]
[White "Korencik, Marian"]
[Black "Topolovsky, Vincent"]
[Site "Slovakia"]
[Round "9.8"]
[Result "0-1"]
[Date "2015.02.15"]
[WhiteElo "1919"]
[BlackElo "1937"]
[PlyCount "100"]
[EventDate "2014.10.11"]
[EventType "team-tourn"]
[EventRounds "11"]
[EventCountry "SVK"]
[SourceTitle "EXT 2016"]
[Source "ChessBase"]
[SourceDate "2015.10.08"]
[SourceVersion "1"]
[SourceVersionDate "2015.10.08"]
[SourceQuality "1"]
[WhiteTeam "Dunajov II"]
[BlackTeam "Banska Bystrica Kurta"]
[WhiteTeamCountry "SVK"]
[BlackTeamCountry "SVK"]

1. d4 Nf6 2. c4 e6 3. Nf3 b6 4. g3 Bb7 5. Bg2 Bb4+ 6. Bd2 Be7 7. Nc3 0-0 8. 0-0 d6 9. Qc2 c5 10. dxc5 bxc5 11. e4 Nc6 12. a3 h6 13. Be3 a6 14. Rfd1 Qc7 15. Rab1 Ng4 16. Qe2 Nxe3 17. Qxe3 Rfd8 18. h3 Bf6 19. Ne2 a5 20. g4 Qe7 21. Rd3 Ba6 22. b3 a4 23. Nc3 axb3 24. Nb5 Na5 25. Qc1 Bxb5 26. cxb5 c4 27. Re3 Qc7 28. Rexb3 Nxb3 29. Rxb3 Qc5 30. Rb4 Rdb8 31. e5 dxe5 32. Rxc4 Qxb5 33. Rc5 Qb1 34. Rc8+ Kh7 35. Kh2 Qxc1 36. Rxc1 Rxa3 37. h4 e4 38. Nd2 Be5+ 39. Kg1 e3 40. fxe3 Rxe3 41. Rf1 Re2 42. Nf3 Rbb2 43. Bh3 Bc7 44. g5 Bb6+ 45. Kh1 h5 46. g6+ Kxg6 47. Rd1 Kf6 48. Rf1 Ke7 49. Rd1 Rf2 50. Nd4 Rh2+ 0-1

[Event "Banska Bystrica op-B"]
[White "Topolovsky, Vincent"]
[Black "Bojda, Lubomir"]
[Site "Banska Bystrica"]
[Round "2"]
[Result "0-1"]
[Date "2013.09.13"]
[WhiteElo "1956"]
[BlackElo "2174"]
[PlyCount "74"]
[EventDate "2013.09.13"]
[EventType "swiss (rapid)"]
[EventRounds "9"]
[EventCountry "SVK"]
[SourceTitle "EXT 2014"]
[Source "ChessBase"]
[SourceDate "2013.11.20"]
[SourceVersion "1"]
[SourceVersionDate "2013.11.20"]
[SourceQuality "1"]

1. c4 d6 2. Nc3 e5 3. g3 f5 4. Bg2 Nf6 5. d3 c6 6. e3 Be7 7. Nf3 0-0 8. Qc2 Na6 9. a3 Be6 10. b4 Kh8 11. 0-0 Rc8 12. b5 Nc5 13. Rd1 cxb5 14. Nxb5 a6 15. Nc3 b5 16. Nd2 bxc4 17. dxc4 e4 18. Bf1 Qe8 19. Be2 Qf7 20. Bb2 d5 21. cxd5 Nxd5 22. Rac1 Rfd8 23. Qb1 Rb8 24. Nxd5 Bxd5 25. Qa1 Nd3 26. Bxd3 exd3 27. Rc7 Rb7 28. Rdc1 Rxc7 29. Rxc7 Rg8 30. Be5 h6 31. Qd4 Rd8 32. Qa7 Re8 33. Bd6 Qh5 34. Rxe7 Rxe7 35. Bxe7 Qd1+ 36. Nf1 Qf3 37. e4 Bxe4 0-1

[Event "SVK-chT2C 1213"]
[White "Topolovsky, Vincent"]
[Black "Halamova, Maria"]
[Site "Slovakia"]
[Round "3.8"]
[Result "1/2-1/2"]
[Date "2012.12.01"]
[WhiteElo "1970"]
[BlackElo "1785"]
[PlyCount "47"]
[EventDate "2012.10.13"]
[EventType "team-tourn"]
[EventRounds "11"]
[EventCountry "SVK"]
[SourceTitle "EXT 2015"]
[Source "ChessBase"]
[SourceDate "2014.11.20"]
[SourceVersion "1"]
[SourceVersionDate "2014.11.20"]
[SourceQuality "1"]
[WhiteTeam "Banska Bystrica Kurta"]
[BlackTeam "Zilina Mladost II"]
[WhiteTeamCountry "SVK"]
[BlackTeamCountry "SVK"]

1. d4 Nf6 2. c4 g6 3. Nc3 d5 4. e3 Bg7 5. Qb3 c6 6. Nf3 0-0 7. Ne5 Nbd7 8. cxd5 Nxe5 9. dxe5 Nxd5 10. Nxd5 Qxd5 11. Qxd5 cxd5 12. f4 Bf5 13. Bd2 a5 14. Bc3 Rfc8 15. Be2 e6 16. Kf2 Rc6 17. Bb5 Rc5 18. a4 Be4 19. Rhe1 Bf8 20. Rac1 Rac8 21. Rcd1 Ra8 22. Rd2 Be7 23. Red1 Rc7 24. g3 1/2-1/2

[Event "SVK-chT2C 10/11"]
[White "Topolovsky, Vincent"]
[Black "Haring, Viktor"]
[Site "Slovakia"]
[Round "10.4"]
[Result "1/2-1/2"]
[Date "2011.03.26"]
[WhiteElo "1997"]
[BlackElo "1893"]
[PlyCount "30"]
[EventDate "2010.10.23"]
[EventType "team-tourn"]
[EventRounds "11"]
[EventCountry "SVK"]
[SourceTitle "EXT 2019"]
[Source "ChessBase"]
[SourceDate "2018.10.10"]
[SourceVersion "1"]
[SourceVersionDate "2018.10.10"]
[SourceQuality "1"]
[WhiteTeam "Banska Bystrica Kurta"]
[BlackTeam "Banska Bystrica TH Junior "]
[WhiteTeamCountry "SVK"]
[BlackTeamCountry "SVK"]

1. d4 Nf6 2. c4 e6 3. Nf3 Bb4+ 4. Nbd2 b6 5. g3 Bb7 6. Bg2 0-0 7. 0-0 Bxd2 8. Bxd2 d6 9. b3 Nbd7 10. Bc3 Ne4 11. Bb2 f5 12. e3 Qe7 13. Ne1 d5 14. Nd3 Rab8 15. Qc2 c5 1/2-1/2

[Event "SVK-chT2C 10/11"]
[White "Jakubec, Milan"]
[Black "Topolovsky, Vincent"]
[Site "Slovakia"]
[Round "9.1"]
[Result "1-0"]
[Date "2011.03.06"]
[WhiteElo "2073"]
[BlackElo "1997"]
[PlyCount "147"]
[EventDate "2010.10.23"]
[EventType "team-tourn"]
[EventRounds "11"]
[EventCountry "SVK"]
[SourceTitle "EXT 2019"]
[Source "ChessBase"]
[SourceDate "2018.10.10"]
[SourceVersion "1"]
[SourceVersionDate "2018.10.10"]
[SourceQuality "1"]
[WhiteTeam "Sklene Patriots CC"]
[BlackTeam "Banska Bystrica Kurta"]
[WhiteTeamCountry "SVK"]
[BlackTeamCountry "SVK"]

1. e4 e6 2. d4 d5 3. e5 c5 4. dxc5 Nc6 5. Nf3 Bxc5 6. Bd3 Nge7 7. Qe2 Qc7 8. 0-0 Ng6 9. Re1 Nd4 10. Nxd4 Bxd4 11. Bxg6 hxg6 12. c3 Bb6 13. a4 a6 14. Be3 Bxe3 15. Qxe3 Bd7 16. Nd2 Rc8 17. a5 Bb5 18. Nf3 Qc4 19. Nd4 Qd3 20. Qf4 Rh5 21. Qg4 Bd7 22. Rad1 Qc4 23. Re3 Qc5 24. b4 Qe7 25. g3 Rc4 26. f4 Rh7 27. Kg2 Bc6 28. h4 Bd7 29. Rh1 Ba4 30. Rd3 Bc6 31. Kf2 Kd7 32. Qf3 Ke8 33. h5 Rxh5 34. Rxh5 gxh5 35. Qxh5 Ba4 36. Qh7 g6 37. Qh8+ Qf8 38. Qxf8+ Kxf8 39. g4 Rc8 40. Ke1 Ke7 41. Rh3 Rb8 42. Kd2 b6 43. axb6 Rxb6 44. Rh8 Be8 45. Rh1 Bb5 46. Ra1 Rb7 47. Nb3 Rb6 48. Nc5 Bc4 49. Ke3 Rb8 50. Rh1 Ra8 51. Nb7 Ra7 52. Na5 Rc7 53. Kd4 Bb5 54. Rh8 Be8 55. g5 Kd7 56. c4 dxc4 57. Nxc4 Ke7 58. Nd6 Bb5 59. Rb8 Bf1 60. Rb7 Rxb7 61. Nxb7 Kd7 62. Kc5 Kc7 63. Nd6 Be2 64. Nxf7 Bd1 65. Nd6 Bf3 66. Ne8+ Kd7 67. Nf6+ Kc7 68. f5 exf5 69. e6 Bc6 70. e7 f4 71. Nd5+ Kd7 72. e8Q+ Kxe8 73. Kxc6 f3 74. Kd6 1-0

[Event "SVK-chT2C 10/11"]
[White "Kurucar, Milan"]
[Black "Topolovsky, Vincent"]
[Site "Slovakia"]
[Round "4.1"]
[Result "1/2-1/2"]
[Date "2010.12.05"]
[WhiteElo "1958"]
[BlackElo "1997"]
[PlyCount "64"]
[EventDate "2010.10.23"]
[EventType "team-tourn"]
[EventRounds "11"]
[EventCountry "SVK"]
[SourceTitle "EXT 2019"]
[Source "ChessBase"]
[SourceDate "2018.10.10"]
[SourceVersion "1"]
[SourceVersionDate "2018.10.10"]
[SourceQuality "1"]
[WhiteTeam "Cadca Caissa"]
[BlackTeam "Banska Bystrica Kurta"]
[WhiteTeamCountry "SVK"]
[BlackTeamCountry "SVK"]

1. Nf3 d5 2. g3 Nf6 3. Bg2 g6 4. 0-0 Bg7 5. d4 0-0 6. Nbd2 Nbd7 7. b3 c5 8. e3 b6 9. Bb2 Bb7 10. Rc1 e6 11. Re1 a6 12. h3 Qe7 13. c4 Rac8 14. Qe2 Rc7 15. cxd5 exd5 16. dxc5 bxc5 17. Rc2 Rfc8 18. Qf1 h6 19. Rec1 Qd6 20. Qe1 a5 21. Qd1 Qb6 22. Ne5 a4 23. Nxd7 Nxd7 24. Bxg7 Kxg7 25. Rb1 axb3 26. axb3 Nf6 27. Qc1 Nd7 28. Qb2+ Qf6 29. Qxf6+ Nxf6 30. f3 Re7 31. Kf2 Bc6 32. Ra1 Rb8 1/2-1/2